000 00944nam a2200265Ia 4500
003 OSt
005 20221005105641.0
006 a|||||r|||| 00| 0
007 ta
008 221004b |||||||| |||| 00| 0 hin d
020 _a9789350003138 (pbk)
_cIndian Rupees 60.00
024 _a27866
037 _bGift, 30/09/2016,
_cTextual
040 _aCRL
_cCRL
_bhin
041 _2hin
_ahin
082 _aO152,2N62,JL, Q3
100 _aवजाहत, असगर
245 0 _aजिस लाहौर नइ देख्या ओ जम्याइ नइ
246 _aJis lāhaur nai dekhyā o jamyāi nai
260 _aनई दिल्ली
_bवाणी प्रकाशन भारत
_c2013
300 _a81पृ0
_ccm.
650 _aहिन्दी साहित्य
942 _hO152,2N62,JL, Q3
_cTEXL
_2cc
999 _c1016460
_d1016460